Medicolegal and bioethics

Detalles Bibliográficos
Formato: Electrónico Revista
Lenguaje:inglés
Publicado: Auckland, N.Z. : Dove Medical Press
Materias:
Acceso en línea:Full text available from Research Library: 01/01/2011 to present

MARC

LEADER 00000nas a2200000 a 4500
001 ssj0000605733
003 WaSeSS
005 20200512172242.0
006 m d
007 cr n
008 110819c20119999nz a| p|s|||||| |0eng d
022 |a 2230-2468  |l 2230-2468 
035 |a (WaSeSS)ssj0000605733 
040 |a WaSeSS  |c WaSeSS  |d WaSeSS 
050 4 |a RA1001 
210 1 |a Medicoleg. bioeth. 
222 0 |a Medicolegal and bioethics 
245 0 0 |a Medicolegal and bioethics  |h [electronic resource]. 
260 |a Auckland, N.Z. :  |b Dove Medical Press 
310 |a Annual 
362 1 |a Began with Volume 1 (March 2011). 
506 |a License restrictions may limit access. 
588 |a Description based on: Volume 1, (March 2011); title from title screen (Dovepress, viewed August 9, 2011). 
588 |a Latest issue consulted: Volume 1 (March 2011) (viewed August 9, 2011). 
650 0 |a Medical jurisprudence  |v Periodicals. 
650 0 |a Bioethics  |v Periodicals. 
650 0 |a Medical laws and legislation  |v Periodicals. 
655 0 |a Electronic journals. 
856 4 0 |z Full text available from Research Library: 01/01/2011 to present  |u https://search.proquest.com/publication/3933395